MARC details
| 000 -CABECERA |
| campo de control de longitud fija |
01922nam a2200313 i 4500 |
| 001 - NÚMERO DE CONTROL |
| campo de control |
000030123 |
| 003 - IDENTIFICADOR DEL NÚMERO DE CONTROL |
| campo de control |
DO-SdBNP |
| 005 - FECHA Y HORA DE LA ÚLTIMA TRANSACCIÓN |
| campo de control |
20250911140509.0 |
| 007 - CAMPO FIJO DE DESCRIPCIÓN FÍSICA--INFORMACIÓN GENERAL |
| campo de control de longitud fija |
ta |
| 008 - DATOS DE LONGITUD FIJA--INFORMACIÓN GENERAL |
| campo de control de longitud fija |
110429s2006 dr d r 000 0 spa d |
| 020 ## - NÚMERO INTERNACIONAL ESTÁNDAR DEL LIBRO |
| Número Internacional Estándar del Libro |
9993467324 |
| 040 ## - FUENTE DE LA CATALOGACIÓN |
| Centro catalogador/agencia de origen |
DO-SdBNP |
| Lengua de catalogación |
spa |
| Centro/agencia transcriptor |
BNPHU |
| Normas de descripción |
rda |
| 041 ## - CÓDIGO DE LENGUA |
| Código de lengua del texto/banda sonora o título independiente |
spa |
| 082 #4 - NÚMERO DE LA CLASIFICACIÓN DECIMAL DEWEY |
| Número de clasificación |
372.0021 |
| Número de documento/Ítem |
R426i 2006 |
| Número de edición |
22 |
| 110 1# - ENTRADA PRINCIPAL--NOMBRE DE ENTIDAD CORPORATIVA |
| Nombre de entidad corporativa o nombre de jurisdicción como elemento de entrada |
República Dominicana. |
| Unidad subordinada |
Secretaría de Estado de Educación Superior, Ciencia y Tecnología |
| 9 (RLIN) |
18778 |
| 245 10 - MENCIÓN DE TÍTULO |
| Título |
Informe general sobre estadísticas de educación superior 1989-2005. |
| 264 #4 - PRODUCCIÓN, PUBLICACIÓN, DISTRIBUCIÓN, FABRICACIÓN Y COPYRIGHT |
| Producción, publicación, distribución, fabricación y copyright |
Santo Domingo : |
| Nombre del de productor, editor, distribuidor, fabricante |
MESCyT, |
| Fecha de producción, publicación, distribución, fabricación o copyright |
©2006. |
| 300 ## - DESCRIPCIÓN FÍSICA |
| Extensión |
204 páginas : |
| Otras características físicas |
ilustraciones, mapas, tablas, gráficas ; |
| Dimensiones |
28 cm. |
| 336 ## - TIPO DE CONTENIDO |
| Término de tipo de contenido |
texto |
| Código de tipo de contenido |
txt |
| Fuente |
rdacontent |
| 337 ## - TIPO DE MEDIO |
| Nombre/término del tipo de medio |
sin mediación |
| Código del tipo de medio |
n |
| Fuente |
rdamedia |
| 338 ## - TIPO DE SOPORTE |
| Nombre/término del tipo de soporte |
volumen |
| Código del tipo de soporte |
nc |
| Fuente |
rdacarrier |
| 505 ## - NOTA DE CONTENIDO CON FORMATO |
| Nota de contenido con formato |
Presentación -- Ligia Amada Melo de Cardona, 11 -- Hacia un Sistema de Información Estadística en Educación Superior, Ciencia y Tecnología -- Introducción, 15 -- Antecedentes 15 -- Departamento de estadística y sistema de informacióN,16 Tendencias de la Matrícula de Educación Superior Dominicana1989-2005 -- Introducción, 29 -- Trayectoria histórica de la matrícula, 32 -- Conclusión, 44 -- Reflexiones finales, 46 -- Estadísticas de Educación Superior 2004 y 2005 -- Resumen ejecutivo, 49 -- Instituciones de Educación Superior, 50 -- Programas académicos carreras, 55 -- Programas de investigación, 60 -- Extensión, 67 --Personal académico, 68 -- Personal de apoyo, 77 Matrícula, 79 -- Egresos, 110 -- Deserción, 115 -- Anexos. 121 |
| 590 ## - NOTA LOCAL (RLIN) |
| Nota local |
Inventariado, 2019/BT |
| 650 #0 - PUNTO DE ACCESO ADICIONAL DE MATERIA--TÉRMINO DE MATERIA |
| Término de materia o nombre geográfico como elemento de entrada |
Educación superior |
| Subdivisión geográfica |
República Dominicana |
| Subdivisión de forma |
Estadísticas |
| Subdivisión cronológica |
1989-2005 |
| 9 (RLIN) |
736 |
| 650 #0 - PUNTO DE ACCESO ADICIONAL DE MATERIA--TÉRMINO DE MATERIA |
| Término de materia o nombre geográfico como elemento de entrada |
Educación superior |
| Subdivisión geográfica |
República Dominicana |
| Subdivisión general |
Historia |
| Subdivisión cronológica |
1989-2005 |
| 9 (RLIN) |
736 |
| 650 #4 - PUNTO DE ACCESO ADICIONAL DE MATERIA--TÉRMINO DE MATERIA |
| Término de materia o nombre geográfico como elemento de entrada |
Política educativa |
| Subdivisión geográfica |
República Dominicana |
| Subdivisión cronológica |
1989-2005 |
| 9 (RLIN) |
56813 |
| 910 ## - DATOS DE OPCIÓN DEL USUARIO (OCLC) |
| Datos de opción del usuario |
Validado. Control de calidad MFF |
| 942 ## - ELEMENTOS DE PUNTO DE ACCESO ADICIONAL (KOHA) |
| Fuente del sistema de clasificación o colocación |
Dewey Decimal Classification |
| Tipo de ítem Koha |
Libro |